Normal view
MARC view
- IEC Standards
Entry Personal Name
Number of records used in: 153
001 - CONTROL NUMBER
- control field: 117978
003 - CONTROL NUMBER IDENTIFIER
- control field: NUST
005 - DATE AND TIME OF LATEST TRANSACTION
- control field: 20230914133220.0
008 - FIXED-LENGTH DATA ELEMENTS
- fixed length control field: 230914|| aca||aabn | a|a d
040 ## - CATALOGING SOURCE
- Original cataloging agency: NUST
- Transcribing agency: NUST
100 ## - HEADING--PERSONAL NAME
- Personal name: IEC Standards
670 ## - SOURCE DATA FOUND
- Source citation: Work cat.: (NUST)599824: IEC Standards, IEC 60060-2 ED. 2.0 B:1994: HIGH VOLTAGE TEST TECHNIQUES - PART 2: MEASURING SYSTEMS, 2019-09-13
